000 00353 a2200169 4500
001 70851
020 _a8516023745
040 _cAnchieta - Itaigara
100 _aVenezia, Mike
240 1 0 _aJohann Sebastian Bach
_lpor
245 1 0 _aJohann Sebastian Bach
300 _a32
362 0 _a1999
440 1 _aModerna
650 4 _aMusica
942 _cBK
999 _c70851
_d70851